01118nam a2200313 4500001001400000005001700014008004100031020003100072040002300103041001300126044001100139072004800150080002500198080002300223100003300246240003300279245013100312264002700443300002300470336002600493337002900519338002900548500007400577655003100651655003000682655003500712655002600747700003100773vtls01223516120230810121339.0230718s2023 xo g 010 f slo  a9788055188676q(viazané) aSNKbslocSNKerda1 asloheng axocSK 7a821.111(73)-3xAmerická próza2konspekt a821.111(73)-3122011 a(0:82-312.5)220111 aHoover, Colleen,d1979-4aut10aIt starts with uslSlovensky10aZačína sa to namicColleen Hooverová ; z anglického originálu It starts with us ... preložila Lucia Lukáčová 1aBratislavabIkarc2023 a293 stránc24 cm atextbtxt2rdacontent abez médiabn2rdamedia azväzokbnc2rdacarrier aObsahuje biografické údaje o autorke na záložke prebalu knihy 7aamerické romány2SNKPH 7aAmerican novels2SNKPHeng 7aľúbostné romány2SNKPH 7aLove novels2SNKPHeng1 aLukáčová, Lucia4trl